000
00327nam a2200133 a 4500
005
20140414093835.0
008
030611s19uu xx 00 eng d
050
_a
CDR 512
_b
MUL 1995 L.P
245
_a
Multimedia Pre algebra.
650
_a
Math
_x
Interactive videos.
650
_a
Algebra.
942
_c
AVM
999
_c
108985
_d
108985